[Event "TCh-RUS Blitz 2015"]
[Site "Sochi RUS"]
[Date "2015.05.10"]
[Round "2.28"]
[White "Denishev, Marat"]
[Black "Payanidi, Janis"]
[Result "0-1"]
[WhiteElo "2275"]
[BlackElo "2252"]
[WhiteTeam "Boavista (Moscow)"]
[BlackTeam "Youth of Moscow (Moscow)"]
[WhiteFideId "24131563"]
[BlackFideId "24128490"]
[EventDate "2015.05.10"]

1. d4 e6 2. Nf3 Nf6 3. Bf4 d6 4. e3 Nbd7 5. c4 Be7 6. Nc3 O-O 7. h3 Re8 8. Be2
Bf8 9. O-O e5 10. dxe5 dxe5 11. Nxe5 Nxe5 12. Qxd8 Rxd8 13. Bxe5 Ne8 14. Rad1
Be6 15. b3 c6 16. Ne4 f6 17. Bg3 Bf5 18. Bf3 Bb4 19. Bh2 a5 20. g4 Bg6 21. Ng3
Bc2 22. Rc1 Rd2 23. Rfe1 a4 24. Nf1 Rd7 25. Rxc2 Bxe1 26. Rc1 Bb4 27. Be4 axb3
28. axb3 Rad8 29. Bc2 Nc7 30. Bf5 Re7 31. Ra1 Ne6 32. Ra4 Bd6 33. Bxd6 Rxd6 34.
Ng3 Nc5 35. Ra8+ Kf7 36. b4 Na6 37. Bxh7 g6 38. Bg8+ Kg7 39. b5 cxb5 40. cxb5
Nc5 41. Bc4 Ne4 42. Nxe4 Rxe4 43. Be2 Rb4 44. Rb8 Rd7 45. Kg2 Rb2 46. Bc4 Rc7
47. Bd3 Rd2 48. Bf1 Kh6 49. h4 Rcc2 50. g5+ fxg5 51. hxg5+ Kxg5 52. Kg3 Rxf2 53.
Bd3 Rcd2 54. Be4 Rfe2 55. Kf3 Rf2+ 56. Kg3 Rf6 57. Rxb7 Re6 58. Bf3 Rxe3 59. Rf7
Rdd3 60. Kf2 Rb3 61. Bc6 Rec3 62. Ke2 Rc2+ 63. Kd1 Rh2 64. Rf8 Rb1# 0-1

[Event "TCh-RUS Blitz 2015"]
[Site "Sochi RUS"]
[Date "2015.05.10"]
[Round "2.29"]
[White "Iljin, Artem"]
[Black "Skomorokhin, Roman"]
[Result "1-0"]
[WhiteTitle "GM"]
[BlackTitle "IM"]
[WhiteElo "2537"]
[BlackElo "2381"]
[WhiteTeam "Rook-2 (Kazan)"]
[BlackTeam "SK Volga (Kstovo)"]
[WhiteFideId "4156021"]
[BlackFideId "4112610"]
[EventDate "2015.05.10"]

1. Nf3 Nf6 2. c4 b6 3. g3 c5 4. Bg2 Bb7 5. O-O g6 6. Nc3 Bg7 7. d4 cxd4 8. Qxd4
Nc6 9. Qf4 Rc8 10. Rb1 O-O 11. b3 a6 12. Rd1 d6 13. Qh4 Re8 14. Bh6 Bh8 15. Ng5
Qc7 16. Rbc1 Ne5 17. Bxb7 Qxb7 18. Nge4 b5 19. cxb5 axb5 20. Bg5 b4 21. Bxf6
bxc3 22. Bxh8 c2 23. Rd2 Kxh8 24. Rdxc2 Qb4 25. Rxc8 Rxc8 26. Rxc8+ 1-0

[Event "TCh-RUS Blitz 2015"]
[Site "Sochi RUS"]
[Date "2015.05.10"]
[Round "2.30"]
[White "Skomorokhin, Vadim"]
[Black "Rodchenkov, Sergey D."]
[Result "1/2-1/2"]
[WhiteTitle "FM"]
[BlackTitle "IM"]
[WhiteElo "2342"]
[BlackElo "2355"]
[WhiteTeam "SK Volga (Kstovo)"]
[BlackTeam "Rook-2 (Kazan)"]
[WhiteFideId "4119835"]
[BlackFideId "4168712"]
[EventDate "2015.05.10"]

1. d4 d5 2. Bg5 h6 3. Bh4 c6 4. Nf3 Qb6 5. b3 Bf5 6. e3 e6 7. Bd3 Bxd3 8. Qxd3
Ne7 9. O-O Nf5 10. Bg3 Nxg3 11. hxg3 Nd7 12. Nbd2 Be7 13. c4 O-O 14. c5 Qc7 15.
b4 a5 16. b5 b6 17. bxc6 Qxc6 18. cxb6 Qxb6 19. Rab1 Qa7 20. Rb5 a4 21. Rfb1
Rab8 22. Ne5 Nxe5 23. dxe5 Rxb5 24. Qxb5 Rc8 25. Nf3 a3 26. Nd4 Qc7 27. Qa6 Bf8
28. Kh2 Re8 29. f4 Qc3 30. Qc6 Rc8 31. Qxc3 Rxc3 32. Rb8 g6 33. Nb5 Rxe3 34. Nd6
Re2 35. Ne8 Rxa2 36. Nf6+ Kg7 37. Ne8+ Kg8 38. Nf6+ Kg7 39. Ne8+ Kg8 40. Nf6+ 1/2-1/2

[Event "TCh-RUS Blitz 2015"]
[Site "Sochi RUS"]
[Date "2015.05.10"]
[Round "2.31"]
[White "Gerasimov, Ivan"]
[Black "Talanin, Andrei"]
[Result "0-1"]
[WhiteTitle "FM"]
[WhiteElo "2329"]
[BlackElo "2279"]
[WhiteTeam "Rook-2 (Kazan)"]
[BlackTeam "SK Volga (Kstovo)"]
[WhiteFideId "4196562"]
[BlackFideId "4117387"]
[EventDate "2015.05.10"]

1. e4 d5 2. exd5 Qxd5 3. Nc3 Qd6 4. d4 Nf6 5. Nf3 a6 6. g3 Bg4 7. Bg2 c6 8. O-O
e6 9. Bf4 Qd8 10. h3 Bh5 11. g4 Bg6 12. Ne5 Be7 13. Bg3 Nbd7 14. f4 Nb6 15. Qd2
Nbd5 16. Rae1 Qb6 17. Na4 Qb4 18. Qxb4 Nxb4 19. c3 Nbd5 20. c4 Nb4 21. Nxg6 hxg6
22. f5 gxf5 23. gxf5 Nc2 24. fxe6 Nxe1 25. exf7+ Kxf7 26. Rxe1 Rad8 27. Be5 Rhe8
28. Rf1 Kg8 29. c5 Nd5 30. Nc3 Ne3 31. Rf2 Nc4 32. Bh2 Rxd4 33. Be4 Bxc5 34. Kh1
Rdxe4 35. Nxe4 Rxe4 0-1

[Event "TCh-RUS Blitz 2015"]
[Site "Sochi RUS"]
[Date "2015.05.10"]
[Round "2.32"]
[White "Shumilina, Alexandra"]
[Black "Torbin, Kirill"]
[Result "1-0"]
[WhiteTitle "WIM"]
[BlackTitle "FM"]
[WhiteElo "2238"]
[BlackElo "2372"]
[WhiteTeam "SK Volga (Kstovo)"]
[BlackTeam "Rook-2 (Kazan)"]
[WhiteFideId "4165810"]
[BlackFideId "4140214"]
[EventDate "2015.05.10"]

1. e4 c5 2. c3 d5 3. exd5 Qxd5 4. d4 Nf6 5. Nf3 e6 6. Be3 cxd4 7. cxd4 Nc6 8.
Nc3 Qd6 9. Bd3 Be7 10. O-O O-O 11. a3 a6 12. Qe2 b5 13. Rad1 Bb7 14. Bb1 Na5 15.
Ne5 Rac8 16. Qd3 g6 17. Ba2 Rfd8 18. Rfe1 Nc6 19. Nf3 Bf8 20. Bg5 Be7 21. Qe2
Re8 22. Ne5 Nd8 23. h4 Kg7 24. Bxf6+ Bxf6 25. Ne4 Qe7 26. h5 Nc6 27. h6+ Kg8 28.
Nxf6+ Qxf6 29. Nd7 Qg5 30. Nc5 Ba8 31. Ne4 Qxh6 32. Nf6+ Kf8 33. Nxe8 Rxe8 34.
d5 Nd8 35. Qe5 Qg7 36. Qd6+ Kg8 37. dxe6 fxe6 38. Qxd8 Rxd8 39. Rxd8+ Kf7 40.
Rd7+ Kf6 41. Rxg7 Kxg7 42. Rxe6 1-0

[Event "TCh-RUS Blitz 2015"]
[Site "Sochi RUS"]
[Date "2015.05.10"]
[Round "2.33"]
[White "Lugovskoy, Maxim"]
[Black "Triapishko, Olexandr"]
[Result "0-1"]
[WhiteTitle "IM"]
[WhiteElo "2427"]
[BlackElo "2393"]
[WhiteTeam "Krasnodar region"]
[BlackTeam "Crimea (Republic of Crimea)"]
[WhiteFideId "24126454"]
[BlackFideId "14122286"]
[EventDate "2015.05.10"]

1. e4 c6 2. d4 d5 3. Nc3 g6 4. f3 Bg7 5. Be3 dxe4 6. fxe4 e5 7. Nf3 Nd7 8. Qd2
Ngf6 9. O-O-O exd4 10. Bxd4 O-O 11. Kb1 Qe7 12. Bd3 Ng4 13. Bxg7 Kxg7 14. h4 h5
15. Ng5 Nde5 16. Rhf1 Be6 17. Qf4 Rad8 18. Be2 b5 19. Bxg4 Bxg4 20. Rde1 Nc4 21.
Ka1 Qe5 22. Qxe5+ Nxe5 23. Rf2 Rd7 24. b3 Rfd8 25. Ref1 Rd2 26. Rxf7+ Nxf7 27.
Rxf7+ Kg8 28. Kb2 b4 29. Na4 Bd1 30. e5 Bxc2 31. e6 Bf5+ 32. Kc1 Rc2+ 33. Kb1
Rd1# 0-1

[Event "TCh-RUS Blitz 2015"]
[Site "Sochi RUS"]
[Date "2015.05.10"]
[Round "2.34"]
[White "Shemeakin, Alexander"]
[Black "Oganian, Miran"]
[Result "0-1"]
[WhiteTitle "IM"]
[BlackTitle "FM"]
[WhiteElo "2247"]
[BlackElo "2371"]
[WhiteTeam "Crimea (Republic of Crimea)"]
[BlackTeam "Krasnodar region"]
[WhiteFideId "14101840"]
[BlackFideId "4122488"]
[EventDate "2015.05.10"]

1. d4 Nf6 2. c4 Nc6 3. Nf3 e6 4. Nc3 Bb4 5. Bd2 d6 6. Qc2 O-O 7. a3 Bxc3 8. Bxc3
Qe7 9. e3 e5 10. dxe5 dxe5 11. Be2 a5 12. b3 Bg4 13. O-O Bh5 14. Qb2 Rfe8 15. b4
Ne4 16. b5 Nxc3 17. Qxc3 Nb8 18. c5 e4 19. Nd4 Bxe2 20. Nxe2 Nd7 21. c6 bxc6 22.
Qxc6 Nc5 23. Nf4 Nb3 24. Ra2 Rac8 25. Rb1 a4 26. Nd5 Qe5 27. Rc2 Red8 28. Nxc7
h5 29. b6 Nd2 30. Re1 Qa5 31. Rec1 Rb8 32. b7 Nb3 33. Rf1 Qa7 34. Qxe4 Nd2 35.
Rxd2 Rxd2 36. Rb1 Rxb7 37. Qe8+ Kh7 38. Qe4+ g6 39. Ne8 Rxb1+ 40. Qxb1 Qe7 41.
Qc1 Rd8 42. Nc7 Qxc7 0-1

[Event "TCh-RUS Blitz 2015"]
[Site "Sochi RUS"]
[Date "2015.05.10"]
[Round "2.35"]
[White "Zakaryan, David"]
[Black "Alexeev, Alexey"]
[Result "1-0"]
[WhiteTitle "FM"]
[BlackTitle "IM"]
[WhiteElo "2322"]
[BlackElo "2320"]
[WhiteTeam "Krasnodar region"]
[BlackTeam "Crimea (Republic of Crimea)"]
[WhiteFideId "24101923"]
[BlackFideId "14106663"]
[EventDate "2015.05.10"]

1. e4 e5 2. Nf3 Nc6 3. Bb5 Nge7 4. c3 g6 5. O-O a6 6. Ba4 Bg7 7. d4 exd4 8. cxd4
O-O 9. Nc3 b5 10. Bc2 b4 11. Nd5 Nxd5 12. exd5 Ne7 13. d6 cxd6 14. Bf4 Qb6 15.
Be4 d5 16. Bc2 d6 17. Qd2 Bf5 18. Rfe1 Bxc2 19. Rxe7 Rac8 20. Rd7 Rc6 21. Rc1
Rfc8 22. h3 Bf8 23. Ng5 R6c7 24. Rxc7 Qxc7 25. Kh2 a5 26. b3 Qc3 27. Qxc3 Rxc3
28. Bd2 Rc8 29. g4 Be7 30. Nf3 Bf6 31. Ne1 Bxd4 32. Rxc2 Re8 33. Kg2 Re2 34. Be3
Rxc2 35. Nxc2 Bc3 36. Bb6 f5 37. Bxa5 Kf7 38. Bxb4 1-0

[Event "TCh-RUS Blitz 2015"]
[Site "Sochi RUS"]
[Date "2015.05.10"]
[Round "2.36"]
[White "Vasilevich, Tatjana"]
[Black "Oganyan, Arsen"]
[Result "0-1"]
[WhiteTitle "IM"]
[WhiteElo "2404"]
[BlackElo "2282"]
[WhiteTeam "Crimea (Republic of Crimea)"]
[BlackTeam "Krasnodar region"]
[WhiteFideId "14101610"]
[BlackFideId "4175492"]
[EventDate "2015.05.10"]

1. d4 Nf6 2. c4 e6 3. g3 d5 4. Bg2 Nc6 5. Nf3 dxc4 6. O-O Rb8 7. e3 Be7 8. Qe2
b5 9. Rd1 O-O 10. a4 a6 11. axb5 axb5 12. Na3 Na5 13. Ne5 Bd7 14. Bd2 Nb3 15.
Rab1 Bd6 16. Be1 Qe7 17. Nc2 Rfd8 18. f4 g6 19. e4 Be8 20. g4 Bxe5 21. fxe5 Nd7
22. h4 c5 23. dxc5 Ndxc5 24. Bb4 Qa7 25. Kh2 Nd3 26. Bd6 Rbc8 27. h5 Nf4 28. Qf3
Nxg2 29. Kxg2 Nc5 30. h6 f5 31. exf6 Nd3 32. e5 Bc6 33. Rf1 Bxf3+ 34. Rxf3 Qf7
35. Nd4 Rxd6 36. exd6 e5 37. Nxb5 e4 38. Rff1 Ne5 39. Kg3 Nf3 40. Rbd1 Qxf6 41.
d7 Qh4+ 42. Kf4 Rf8+ 43. Kxe4 Qe7+ 0-1

[Event "TCh-RUS Blitz 2015"]
[Site "Sochi RUS"]
[Date "2015.05.10"]
[Round "3.2"]
[White "Bocharov, Dmitry"]
[Black "Jobava, Baadur"]
[Result "0-1"]
[WhiteTitle "GM"]
[BlackTitle "GM"]
[WhiteElo "2577"]
[BlackElo "2699"]
[WhiteTeam "Sibir (Novosibirsk)"]
[BlackTeam "University (Belorechensk)"]
[WhiteFideId "4138716"]
[BlackFideId "13601520"]
[EventDate "2015.05.10"]

1. Nf3 b6 2. e4 Bb7 3. d3 e6 4. g3 Ne7 5. Bg2 d5 6. Nbd2 Nbc6 7. O-O Qd7 8. Re1
O-O-O 9. a3 f6 10. b4 Kb8 11. b5 Na5 12. a4 e5 13. Bb2 dxe4 14. dxe4 Nc8 15. Bc3
Bc5 16. Qe2 Qe7 17. Bxa5 bxa5 18. Nb3 Bb4 19. Rec1 Bc3 20. Rab1 Nb6 21. Nfd2 Qb4
22. Nf1 Nxa4 23. Ne3 Bb2 24. Rxb2 Nxb2 25. Nd5 Rxd5 26. exd5 a4 27. Nd2 a3 28.
c3 Qa4 29. Ne4 Bxd5 30. c4 Bxc4 31. Qd2 Nd3 32. Ra1 Qb4 33. Qd1 Rd8 34. Qf3 Qb2
35. Rd1 Rd5 36. Nd2 Ne1 37. Qh5 0-1

[Event "TCh-RUS Blitz 2015"]
[Site "Sochi RUS"]
[Date "2015.05.10"]
[Round "3.3"]
[White "Alekseev, Evgeny"]
[Black "Kokarev, Dmitry"]
[Result "1-0"]
[WhiteTitle "GM"]
[BlackTitle "GM"]
[WhiteElo "2653"]
[BlackElo "2635"]
[WhiteTeam "University (Belorechensk)"]
[BlackTeam "Sibir (Novosibirsk)"]
[WhiteFideId "4138147"]
[BlackFideId "4132181"]
[EventDate "2015.05.10"]

1. e4 c5 2. Nf3 d6 3. d4 cxd4 4. Qxd4 Nf6 5. Nc3 a6 6. Bg5 Nc6 7. Qd2 e6 8.
O-O-O Be7 9. Bxf6 Bxf6 10. Qxd6 Qxd6 11. Rxd6 Bxc3 12. bxc3 Ke7 13. Rd2 Bd7 14.
Kb2 Rac8 15. Nd4 Rc7 16. Nb3 Rhc8 17. f4 Be8 18. Be2 e5 19. g3 f6 20. Rhd1 Bg6
21. Bg4 Rd8 22. Rxd8 Nxd8 23. fxe5 fxe5 24. Bf5 Nf7 25. Bxg6 hxg6 26. Rd5 g5 27.
Nc5 Kf6 28. Kb3 g4 29. c4 g6 30. Nd7+ Ke6 31. Nc5+ Kf6 32. Kb4 Ke7 33. Ka5 Nd8
34. Kb4 Nc6+ 35. Kc3 a5 36. Nd3 Ke6 37. Rb5 Rh7 38. Rxb7 Rxh2 39. Rb6 Kd7 40.
Rb7+ Ke6 41. Rb6 Kd7 42. Rb7+ Ke6 43. Rg7 Kf6 44. Rd7 Rg2 45. Rd6+ Kg5 46. Rxc6
Rxg3 47. c5 Re3 48. Kd2 Rf3 49. Nxe5 Rf4 50. Rxg6+ Kh5 51. Rxg4 1-0

[Event "TCh-RUS Blitz 2015"]
[Site "Sochi RUS"]
[Date "2015.05.10"]
[Round "3.4"]
[White "Maletin, Pavel"]
[Black "Tregubov, Pavel V."]
[Result "1/2-1/2"]
[WhiteTitle "GM"]
[BlackTitle "GM"]
[WhiteElo "2587"]
[BlackElo "2571"]
[WhiteTeam "Sibir (Novosibirsk)"]
[BlackTeam "University (Belorechensk)"]
[WhiteFideId "4146786"]
[BlackFideId "4115341"]
[EventDate "2015.05.10"]

1. Nf3 Nf6 2. c4 Nc6 3. Nc3 e5 4. g3 Bc5 5. Bg2 d6 6. O-O O-O 7. e3 a6 8. b3 Bf5
9. d4 exd4 10. Nxd4 Bg4 11. Qd2 Qd7 12. Bb2 Bh3 13. Nd5 Nxd5 14. cxd5 Nxd4 15.
Bxd4 Bxg2 16. Kxg2 Bxd4 17. Qxd4 c5 18. dxc6 Qxc6+ 19. Kg1 Rac8 20. Rfd1 Rfd8
21. Rd2 Qc5 22. Rad1 Qxd4 23. Rxd4 Rc6 24. g4 f6 25. h4 Kf7 26. Kg2 Ke6 27. R1d2
d5 28. g5 f5 29. Kg3 Ke5 30. Kf3 Rc1 31. Kg2 Rd6 32. f3 h6 33. gxh6 gxh6 34. h5
Rd7 35. Kh2 Re1 36. R4d3 f4 37. exf4+ Kxf4 38. Kg2 Ke5 39. Rd4 Rd6 40. f4+ Kf5
41. Kf3 Rf1+ 42. Kg3 Rg1+ 43. Kf3 Rf1+ 44. Kg3 Rg1+ 45. Kf3 Rf1+ 46. Kg3 1/2-1/2

[Event "TCh-RUS Blitz 2015"]
[Site "Sochi RUS"]
[Date "2015.05.10"]
[Round "3.6"]
[White "Artemiev, Vladislav"]
[Black "Riazantsev, Alexander"]
[Result "1-0"]
[WhiteTitle "GM"]
[BlackTitle "GM"]
[WhiteElo "2671"]
[BlackElo "2671"]
[WhiteTeam "Rook (Kazan)"]
[BlackTeam "Malachite (Sverdlovsk region)"]
[WhiteFideId "24101605"]
[BlackFideId "4125029"]
[EventDate "2015.05.10"]

1. Nf3 d5 2. g3 c6 3. Bg2 Bf5 4. O-O e6 5. c4 dxc4 6. a4 Nf6 7. Na3 Bxa3 8. Rxa3
Be4 9. b3 cxb3 10. Rxb3 c5 11. Ba3 Nbd7 12. d4 b6 13. dxc5 Nxc5 14. Qxd8+ Rxd8
15. Bxc5 bxc5 16. Rc1 Nd7 17. Ng5 Bxg2 18. Kxg2 Ke7 19. Rb7 Rb8 20. Rxa7 Ra8 21.
Rc7 Rhc8 22. R1xc5 Rxc7 23. Rxc7 f6 24. Ne4 Ra5 25. Nc3 f5 26. e4 Kd6 27. Rc4
Nf6 28. Nb5+ Ke7 29. Rc7+ Kf8 30. Nd4 Ra6 31. e5 Ng4 32. f4 Ne3+ 33. Kf3 Nd5 34.
Rc6 Rxa4 35. Nxe6+ Ke7 36. Nxg7 Ra3+ 37. Kf2 Ra2+ 38. Kf3 Ra3+ 39. Kg2 Ne3+ 40.
Kh3 Ra2 41. Rc7+ Kf8 42. Ne6+ Ke8 43. Rc3 Nf1 44. Ng7+ Kf7 45. Nxf5 Rxh2+ 46.
Kg4 Rf2 47. Rc7+ Ke6 48. Re7+ Kd5 49. Rxh7 Nd2 50. Rd7+ Ke4 51. Rd4# 1-0

[Event "TCh-RUS Blitz 2015"]
[Site "Sochi RUS"]
[Date "2015.05.10"]
[Round "3.7"]
[White "Lysyj, Igor"]
[Black "Timofeev, Artyom"]
[Result "0-1"]
[WhiteTitle "GM"]
[BlackTitle "GM"]
[WhiteElo "2677"]
[BlackElo "2534"]
[WhiteTeam "Malachite (Sverdlovsk region)"]
[BlackTeam "Rook (Kazan)"]
[WhiteFideId "4150120"]
[BlackFideId "4140419"]
[EventDate "2015.05.10"]

1. d4 d5 2. c4 dxc4 3. e3 Nf6 4. Bxc4 e6 5. Nf3 c5 6. O-O a6 7. b3 cxd4 8. Nxd4
Bd7 9. Bb2 Nc6 10. Nd2 Be7 11. Rc1 O-O 12. Be2 Nxd4 13. Bxd4 Bc6 14. Nc4 Rc8 15.
Bf3 Bxf3 16. Qxf3 Qd5 17. Nb6 Qxf3 18. gxf3 Rxc1 19. Rxc1 Bd8 20. Nc8 Nd5 21.
Nd6 b5 22. a3 Be7 23. Rc6 Ra8 24. Bc5 h6 25. Ne4 Bd8 26. f4 a5 27. Bd4 Be7 28.
Bc5 Bd8 29. Nd6 Ne7 0-1

[Event "TCh-RUS Blitz 2015"]
[Site "Sochi RUS"]
[Date "2015.05.10"]
[Round "3.8"]
[White "Murtazin, Bulat"]
[Black "Motylev, Alexander"]
[Result "0-1"]
[WhiteTitle "FM"]
[BlackTitle "GM"]
[WhiteElo "2342"]
[BlackElo "2648"]
[WhiteTeam "Rook (Kazan)"]
[BlackTeam "Malachite (Sverdlovsk region)"]
[WhiteFideId "24151351"]
[BlackFideId "4121830"]
[EventDate "2015.05.10"]

1. Nf3 d5 2. g3 Bg4 3. Bg2 c6 4. O-O Nd7 5. d4 e6 6. c4 Ngf6 7. Nc3 Be7 8. b3
O-O 9. Bb2 Qb8 10. Re1 Rd8 11. Qc2 Bf5 12. Qd2 h6 13. Rad1 b5 14. Nh4 Bh7 15. e4
b4 16. Nxd5 cxd5 17. exd5 Nf8 18. dxe6 fxe6 19. Qe2 Re8 20. Bxa8 Qxa8 21. Nf3
N6d7 22. d5 exd5 23. cxd5 Bf6 24. Qd2 Be4 25. Bxf6 Bxf3 26. Rxe8 Qxe8 27. Re1
Qh5 28. Bh4 g5 29. Re7 gxh4 30. Qf4 Qxd5 31. Re1 h3 32. Qxh6 Bh5 33. f3 Qxf3 34.
Qd2 Qf5 35. Rf1 Qc5+ 36. Kh1 Qc6+ 37. Kg1 Qc5+ 38. Kh1 Bf7 39. Rd1 Nf6 40. Qd4
Bd5+ 41. Kg1 Qc2 42. Qd2 Qe4 43. Qg5+ Ng6 44. Rxd5 Qg2# 0-1

[Event "TCh-RUS Blitz 2015"]
[Site "Sochi RUS"]
[Date "2015.05.10"]
[Round "3.9"]
[White "Chigaev, Maksim"]
[Black "Nepomniachtchi, Ian"]
[Result "0-1"]
[WhiteTitle "IM"]
[BlackTitle "GM"]
[WhiteElo "2496"]
[BlackElo "2728"]
[WhiteTeam "SDYUSSHOR Hilti (St. Petersburg)"]
[BlackTeam "Our Heritage SHSM-1 (Moscow)"]
[WhiteFideId "4108116"]
[BlackFideId "4168119"]
[EventDate "2015.05.10"]

1. f4 d5 2. Nf3 Bg4 3. e3 e6 4. d4 Nf6 5. Bd3 c5 6. c3 Nc6 7. O-O Be7 8. Nbd2
O-O 9. h3 Bf5 10. Be2 h6 11. g4 Bh7 12. Ne5 Ne4 13. Nxe4 dxe4 14. Qa4 Qc7 15.
Bd2 Nxe5 16. dxe5 a6 17. c4 Rad8 18. Rfd1 Rd3 19. Bxd3 exd3 20. e4 Bxe4 21. Re1
Bc6 22. Qb3 Rd8 23. Re3 Qd7 24. Bc3 Ba4 25. Rxd3 Qxd3 26. Qxa4 Qg3+ 27. Kf1
Qxh3+ 28. Kg1 Qxg4+ 0-1

[Event "TCh-RUS Blitz 2015"]
[Site "Sochi RUS"]
[Date "2015.05.10"]
[Round "3.10"]
[White "Najer, Evgeniy"]
[Black "Levin, Evgeny A."]
[Result "1-0"]
[WhiteTitle "GM"]
[BlackTitle "GM"]
[WhiteElo "2663"]
[BlackElo "2518"]
[WhiteTeam "Our Heritage SHSM-1 (Moscow)"]
[BlackTeam "SDYUSSHOR Hilti (St. Petersburg)"]
[WhiteFideId "4118987"]
[BlackFideId "4182596"]
[EventDate "2015.05.10"]

1. e4 d5 2. exd5 Qxd5 3. Nc3 Qd8 4. d4 c6 5. Ne4 Nf6 6. Nxf6+ gxf6 7. Bc4 Bf5 8.
Bf4 e6 9. Nf3 Nd7 10. Bb3 Qa5+ 11. c3 Qa6 12. Qd2 O-O-O 13. Qe3 Qd3 14. Rd1 Qa6
15. Bg3 Nb6 16. Nh4 Nd5 17. Qf3 Bg6 18. c4 Bb4+ 19. Kf1 Be7 20. Kg1 Nc7 21. h3
Qa5 22. Qf4 Rd7 23. Kh2 Rhd8 24. Rhe1 Qg5 25. Qxg5 fxg5 26. Nxg6 hxg6 27. d5
cxd5 28. cxd5 Nxd5 29. Rc1+ Nc7 30. Ba4 Bd6 31. Bxd7+ Rxd7 32. Red1 Bxg3+ 33.
Kxg3 Rxd1 34. Rxd1 Nd5 35. Rd4 Kd7 36. Rg4 f6 37. h4 gxh4+ 38. Kxh4 g5+ 39. Kh5
Nf4+ 40. Kh6 Kd6 41. g3 Nd5 42. Ra4 a6 43. Kg6 Ke5 44. Rc4 a5 45. Kf7 Kd6 46.
Re4 e5 47. Rc4 b5 48. Rc8 a4 49. Rd8+ Kc5 50. Ke6 Nb4 51. a3 Nc6 52. Rc8 Kb6 53.
Kxf6 g4 54. Kf5 Na5 55. Kxe5 1-0

[Event "TCh-RUS Blitz 2015"]
[Site "Sochi RUS"]
[Date "2015.05.10"]
[Round "3.11"]
[White "Usmanov, Vasily"]
[Black "Grachev, Boris"]
[Result "0-1"]
[WhiteTitle "IM"]
[BlackTitle "GM"]
[WhiteElo "2462"]
[BlackElo "2666"]
[WhiteTeam "SDYUSSHOR Hilti (St. Petersburg)"]
[BlackTeam "Our Heritage SHSM-1 (Moscow)"]
[WhiteFideId "4135741"]
[BlackFideId "4129199"]
[EventDate "2015.05.10"]

1. Nf3 d5 2. c4 e6 3. b3 Nf6 4. Bb2 Be7 5. g3 O-O 6. Bg2 b6 7. O-O Bb7 8. d3 c5
9. e3 a6 10. Qe2 b5 11. Rd1 Nbd7 12. Nbd2 Qb6 13. Rac1 Rfd8 14. Ne5 Nxe5 15.
Bxe5 Nd7 16. Ba1 Bf6 17. Bxf6 Nxf6 18. Nf3 h6 19. Ne5 Rac8 20. f4 dxc4 21. dxc4
Bxg2 22. Qxg2 Rxd1+ 23. Rxd1 Rd8 24. Qc2 Qa5 25. Rxd8+ Qxd8 26. Qd3 Qa5 27. Nc6
Qxa2 28. cxb5 axb5 29. Qxb5 Ne4 30. Qf1 Qxb3 31. Qf3 Qb1+ 32. Kg2 Qc2+ 33. Kh3
Nf2+ 34. Kh4 Qe4 35. Qxf2 Qxc6 36. Qc2 c4 37. Qc3 Qd5 38. g4 Qd3 39. Qe5 c3 40.
f5 Qd8+ 41. Kh5 Qg5# 0-1

[Event "TCh-RUS Blitz 2015"]
[Site "Sochi RUS"]
[Date "2015.05.10"]
[Round "3.12"]
[White "Dubov, Daniil"]
[Black "Palchun, Grigory"]
[Result "1-0"]
[WhiteTitle "GM"]
[WhiteElo "2659"]
[BlackElo "2288"]
[WhiteTeam "Our Heritage SHSM-1 (Moscow)"]
[BlackTeam "SDYUSSHOR Hilti (St. Petersburg)"]
[WhiteFideId "24126055"]
[BlackFideId "24147338"]
[EventDate "2015.05.10"]

1. Nf3 Nf6 2. g3 d5 3. Bg2 c6 4. O-O Bf5 5. d3 e6 6. Nh4 Bg4 7. h3 Bh5 8. f4 Be7
9. Qe1 Nfd7 10. Nf3 h6 11. e4 Bg6 12. Nc3 O-O 13. g4 dxe4 14. dxe4 f5 15. Be3
fxe4 16. Nd4 Re8 17. Nxe6 Qc8 18. f5 Bf7 19. Nf4 Nf6 20. Qg3 Nbd7 21. h4 Bc4 22.
g5 hxg5 23. hxg5 Nd5 24. Nfxd5 cxd5 25. f6 Bxf1 26. Rxf1 Rf8 27. fxe7 Rxf1+ 28.
Bxf1 Nb6 29. Bb5 Qe6 30. e8=R+ Rxe8 31. Bxe8 Qxe8 32. Bxb6 axb6 33. Nb1 1-0

[Event "TCh-RUS Blitz 2015"]
[Site "Sochi RUS"]
[Date "2015.05.10"]
[Round "3.13"]
[White "Zvjaginsev, Vadim"]
[Black "Bocharov, Ivan"]
[Result "1/2-1/2"]
[WhiteTitle "GM"]
[BlackTitle "FM"]
[WhiteElo "2660"]
[BlackElo "2489"]
[WhiteTeam "SHSM-Our Heritage-2 (Moscow)"]
[BlackTeam "56 parallel (Krasnoyarsk)"]
[WhiteFideId "4113403"]
[BlackFideId "4180887"]
[EventDate "2015.05.10"]

1. e4 d5 2. exd5 Qxd5 3. Nf3 Bg4 4. Be2 Nc6 5. h3 Bxf3 6. Bxf3 Qe5+ 7. Qe2 Qxe2+
8. Bxe2 O-O-O 9. d3 Nb4 10. Bd1 Nf6 11. Nd2 e6 12. Nf3 Be7 13. a3 Nc6 14. Bd2
Nd5 15. Be2 Bf6 16. O-O-O Nd4 17. Nxd4 Bxd4 18. Rhf1 h5 19. c3 Be5 20. f4 Bf6
21. f5 e5 22. Bf3 h4 23. Kc2 Be7 24. Rde1 Bf6 25. Re4 Rd6 26. Be2 Rhd8 27. b4
Nf4 28. Bxf4 exf4 29. Rfxf4 Kd7 30. d4 Re8 31. Bc4 Re7 32. a4 Ke8 33. Kb3 Rd7
34. b5 Rxe4 35. Rxe4+ Re7 36. Bd5 Rxe4 37. Bxe4 b6 38. Kc4 Kd7 39. Kd5 Bg5 40.
Bf3 f6 41. Bh5 Bd2 42. c4 Be3 43. Bf7 Bf2 44. Be6+ Kd8 45. Bf7 Ke7 46. Bh5 Kd7
47. Bg4 Bg1 48. c5 Bf2 49. Be2 Bg1 50. Bd1 Bf2 51. a5 bxa5 52. Ba4 Ke7 53. Kc4 1/2-1/2

[Event "TCh-RUS Blitz 2015"]
[Site "Sochi RUS"]
[Date "2015.05.10"]
[Round "3.14"]
[White "Kiriakov, Petr"]
[Black "Inarkiev, Ernesto"]
[Result "1/2-1/2"]
[WhiteTitle "GM"]
[BlackTitle "GM"]
[WhiteElo "2535"]
[BlackElo "2664"]
[WhiteTeam "56 parallel (Krasnoyarsk)"]
[BlackTeam "SHSM-Our Heritage-2 (Moscow)"]
[WhiteFideId "4119231"]
[BlackFideId "4162722"]
[EventDate "2015.05.10"]

1. d4 Nf6 2. c4 e6 3. Nc3 Bb4 4. Qc2 O-O 5. a3 Bxc3+ 6. Qxc3 d5 7. e3 b6 8. b3
c5 9. Nf3 Nc6 10. Bb2 cxd4 11. Nxd4 Bb7 12. Be2 Nxd4 13. Qxd4 dxc4 14. Bxc4 Qe7
15. O-O Rfd8 16. Qe5 Rac8 17. Rac1 Rc5 18. Qf4 Rf5 19. Qh4 b5 20. Be2 Rd2 21.
Bxf6 Qxf6 22. Qxf6 gxf6 23. Rfe1 Rfd5 24. Kf1 a6 25. Rc7 Rd7 26. Rxd7 Rxd7 27.
a4 bxa4 28. bxa4 a5 29. Rb1 Be4 30. Rb5 Ra7 31. Rc5 Bd5 32. f3 f5 33. Kf2 Kf8
34. Kg3 Ke7 35. Kf4 Kf6 36. e4 fxe4 37. fxe4 e5+ 38. Ke3 Bb3 39. Bb5 Be6 40. Rc6
Ke7 41. Rb6 Rc7 42. Ra6 Rc3+ 43. Ke2 Bc4+ 44. Bxc4 Rxc4 45. Rxa5 Rxe4+ 46. Kf3
Rf4+ 47. Ke3 Kf6 48. Ra7 h5 49. a5 Ra4 50. a6 h4 51. Ra8 Kf5 52. a7 f6 53. Kf3
Ra3+ 54. Ke2 Ke4 55. Rf8 Rxa7 56. Rxf6 Ra2+ 57. Kf1 Kd4 58. Rh6 Ke3 59. g3 hxg3
60. hxg3 e4 61. Rf6 Kd3 62. Rd6+ Ke3 63. g4 Rf2+ 64. Kg1 Rf4 65. Ra6 Kf3 66. g5
e3 67. Kf1 Ke4+ 68. Ke2 Rf2+ 69. Ke1 Rg2 70. g6 Kd3 71. Rd6+ Ke4 72. Re6+ 1/2-1/2